Responses for Show #2672 - Tuesday, March 26, 1996

Contestants

[<< previous game]

Betty Fernandez, an attorney from Washington, D.C.

Al Brokos, a training specialist originally from Baltimore, Maryland

Marty Sade, a math teacher from Tucson, Arizona (whose 1-day cash winnings total $12,999)

[next game >>]

Jeopardy! Round responses

CHICAGO
(Alex: Toddlin' town.)
4-LETTER WORDS
1980s POP MUSIC
ROCKS & MINERALS
COOKING
THE SPORT PLAYED
    $100 20
the Democratic National Convention

Marty
    $100 13
heir

Betty
    $100 7
Bruce Springsteen

Al
    $100 26
a nugget

Marty
    $100 1
chocolate

Betty
    $100 4
ice hockey

Marty
    $200 21
Lake Michigan

Al
    $200 16
club

Betty
    $200 8
General Hospital

Marty
    $200 27
(Betty: What is peacock?)

robin's egg blue

MartyBetty
    $200 2
dressing

Marty
    $200 12
football

Marty
    $300 23
Carl Sandburg

Al
    $300 17
craw

Betty
    $300 9
The Police

Al
    $300 28
a lubricant

Marty
    $300 3
Manhattan

Al
    $300 14
figure skating (or ice skating)

Betty
    $400 24
a skyscraper

Al
    $400 18
saga

Betty
    $400 10
rule the world

Betty
    $400 29
acid

Al
    $400 5
pralines

Triple Stumper
    $400 15
auto racing

Marty
    $500 25
blood

Betty
    $500 19
(Al: What is a trek?)
(Marty: What is a trip?)

leap

MartyAl
Triple Stumper
    $500 11
"You Can't Hurry Love"

Al
    $500 30
(Al: What are emeralds?)

diamonds

Al
    $500 6
an omelet

Marty
    $500 22
bowling

Al

Scores at the first commercial break (after clue 13):

Marty Al Betty
$1,200 $1,200 $600

Scores at the end of the Jeopardy! Round:

Marty Al Betty
$1,800 $2,000 $2,100

Double Jeopardy! Round responses

POLITICAL SCIENCE
(Alex: Sounds like we're back in college!)
PAINTING & SCULPTURE
COLLEGES & UNIVERSITIES
(Alex: We are back in college.)
16th CENTURY NAMES
WORLD GEOGRAPHY
LITERATURE
    $200 21
(Alex: We have a minute to go in the round.)

10 Downing Street

Betty
    $200 7
Māori

Marty
    $200 6
Harvard

Marty
    $200 16
(Marty: What is Italy?)

France

Marty
Triple Stumper
    $200 1
The Good Earth

Marty
    $400 27
dictator

Triple Stumper
    $400 8
(Betty: What is molding?)

modeling

MartyBetty
    $400 12
Northwestern

Al
    $400 17
Jerusalem

Marty
    $400 2
Missouri

Marty
    $600 22
the line of presidential succession

Marty
    $600 9
James M. Whistler

Triple Stumper
    $1,000 13
(Al: Who were the Wesleyans?)

Southern Baptists

Al
    $600 28
[The end-of-round signal sounds.]

St. Augustine

Al
    $600 18
Australia

Betty
    $600 3
Ishmael

Al
    $800 24
a coalition government

Marty
    $800 10
Gertrude Whitney

Al
    $800 14
Texas A&M

Al
    $800 26
Mary, Queen of Scots

Triple Stumper
    $800 19
Antarctica

Al
    $800 4
Lorna Doone

Triple Stumper
    $1000 23
Bolshevism

Marty
    $1000 11
Jean-Antoine Houdon

Triple Stumper
    $1000 15
Bowdoin College

Triple Stumper
    $1000 25
Tycho Brahe

Marty
    $1,500 20
Suriname

Al
    $1000 5
Ethan Frome

Triple Stumper

Scores at the end of the Double Jeopardy! Round:

Marty Al Betty
$6,800 $6,500 $2,500

[wagering suggestions for these scores]

Final Jeopardy! Round responses

FOREIGN DIRECTORS
BettyWho is Fellinni
$2,400
AlWho is Fellini?
$6,499
MartyWho is Fellini
$6,201
Federico Fellini

Final scores:

Marty Al Betty
$13,001 $12,999 $4,900
2-day champion: $26,000 2nd place: living room set + 35" TV 3rd place: Sigma binoculars

Game dynamics:

Coryat scores:

Marty Al Betty
$6,800 $7,500 $2,500
20 R,
2 W
16 R
(including 1 DD),
3 W
(including 2 DDs)
10 R,
2 W

Combined Coryat: $16,800

[game clues] [game scores] [suggest correction]

Game tape date: Unknown
The J! Archive is created by fans, for fans. Scraping, republication, monetization, and malicious use prohibited; this site may use cookies and collect identifying information. See terms. The Jeopardy! game show and all elements thereof, including but not limited to copyright and trademark thereto, are the property of Jeopardy Productions, Inc. and are protected under law. This website is not affiliated with, sponsored by, or operated by Jeopardy Productions, Inc. Join the discussion at JBoard.tv.